000 01484cim a2200433 a 4500
001 14719119
003 OSt
005 20140310181634.0
007 sd fsngnnmmned
008 070131s2005 miunnn| ib | eng d
010 _a 2007571020
020 _a971511928X
020 _a9780310255796
024 3 _a9780310255796
_d52999
035 _a(OCoLC)ocm61161620
040 _aGEC
_cGEC
_dBAKER
_dOCLCQ
_dBTCTA
_dDLC
042 _alccopycat
043 _an-us---
050 0 0 _aHM 1261
_b.M998 2006
082 _aTR 658.4092
_bM99 2006
100 1 _aMyra, Harold Lawrence,
_d1939-
_9991
245 1 4 _aThe leadership secrets of Billy Graham
_h[sound recording] /
_cHarold Myra, Marshall Shelley.
260 _a[Grand Rapids, Mich.] :
_bZondervan,
_cp2005.
300 _a348 p. :
_c23 cm.
521 _aFaculty
541 _j1
562 _eFor circulation. One copy available in the collection
600 1 0 _aGraham, Billy,
_d1918-
_9992
650 0 _aLeadership.
_9483
650 0 _aLeadership
_xReligious aspects
_xChristianity.
_9993
650 0 _aEvangelists
_zUnited States
_vBiography.
_9994
655 7 _aAudiobooks.
_2lcgft
_9995
700 1 _aShelley, Marshall.
_9996
700 1 _aBlack, Larry
_q(Larry L.)
_4nrt
_9997
856 4 2 _3Publisher description
_uhttp://www.loc.gov/catdir/enhancements/fy0713/2007571020-d.html
906 _a7
_bcbc
_ccopycat
_d2
_encip
_f20
_gy-genmusic
942 _2lcc
_cBK-TR
_kTR
999 _c636
_d636